| 000 | 00762nam a2200181Ia 4500 | ||
|---|---|---|---|
| 001 | 967 | ||
| 003 | OSt | ||
| 005 | 20250224092842.0 | ||
| 008 | 241024s2010 dr 000 0 spa d | ||
| 040 |
_aCGID0025 _bspa _cCGID0025 _erda |
||
| 082 | _aRD/371.244/ID19c/2010 | ||
| 100 | _aRepública Dominicana. Instituto Dominicano de Evaluación e Investigación de la Calidad Educativa (IDEICE), | ||
| 245 | 0 |
_aConocimientos valoración y uso del calendario escolar por directores (as) de Centros Educativos Públicos _cInstituto Dominicano de Evaluación e Investigación de la Calidad Educativa (IDEICE), |
|
| 260 |
_bIDEICE _c2010 |
||
| 901 | _a14/1/2011 2:40:34 p.m. | ||
| 942 |
_2ddc _cLIB _iRD/371.244/ID19c/2010 _n0 |
||
| 999 |
_c8870 _d8870 |
||